Statistics for 2 Letter Vocabulary Words (easy)

Click here to take the quiz!

General Stats

  • This quiz has been taken 270 times
  • The average score is 70 of 103

Answer Stats

Answer% Correct
an
91%
at
90%
as
88%
be
88%
do
86%
in
86%
advertisementad
84%
fig treebo
84%
am
83%
abdominal muscleab
82%
bisexualbi
82%
the soul (Egptian mythology)ba
81%
it
81%
me
80%
to
80%
Sth African exclamationag
78%
exclamationah
78%
he
78%
is
78%
on
78%
rough cindery lavaaa
77%
three-toed slothai
77%
exclamationaw
77%
hi
77%
no
77%
ax
76%
variant of ayeay
75%
fatherda
75%
go
75%
archaic used to draw attentionlo
75%
so
74%
we
74%
by
73%
of
73%
chamber potpo
73%
print unit measurementen
72%
musical notefa
72%
if
72%
musical notela
72%
momentmo
72%
exclamationho
71%
Chinese distance unitli
70%
ma
69%
pi
69%
a Ghanaian peopleGa
68%
ha
68%
originally called
68%
or
68%
= teti
68%
print unit measurementem
67%
musical notemi
67%
operationop
67%
pa
67%
expressing hesitationer
66%
musical notere
66%
exclamationeh
65%
elevated railwayel
65%
judo jacketgi
65%
Scottish, arch sweetheartjo
65%
ta
65%
ex
64%
id
64%
my
64%
musical notete
64%
dialect form of ohee
63%
North American mothio
63%
Sth African yesja
63%
Greek lettermu
63%
oh
63%
= tesi
63%
a people on Chinese/Burmese borderWa
63%
the spirit (Egyptian mythology)ka
62%
plant of the lily familyki
62%
Greek letternu
62%
a boneos
62%
moraine; also an Arabic letterra
62%
Chinese musical instrumentse
62%
supposed natural forceod
61%
OK
61%
sacred mantraom
61%
= oioy
60%
slang AustraliaOz
60%
us
60%
used as a greetingyo
60%
type of Chinese potteryJu
59%
used to attract attentionoi
59%
exclamation of painow
59%
archaic plural of thouye
59%
type of sedimentdy
58%
Australian, archaic shillingog
58%
ox
58%
Japanese length unitri
58%
up
58%
type of geneob
56%
Hawaiian birdou
56%
Chinese dialectWu
54%
expressing hesitationum
51%
life forceqi
50%
ancient Chinese wine containeryu
50%
expressing hesitationuh
49%
a people in parts of ChinaYi
49%
Greek letterxi
46%
Vietnamese monetary unitxu
40%

Score Distribution

Percentile by Number Answered

Percent of People with Each Score

Your Score History

You have not taken this quiz